000 00916nam a2200181Ia 4500
008 090630s9999 xx 000 0 und d
082 _b14990
100 _aप्रा. केने ज्ञा. रु.
245 _aभौतिक रसायन शास्त्राची मुलतत्वे.
_cप्रा. केने ज्ञा. रु.
260 _bमहाराष्ट्र विद्यापीठ ग्रंथनिर्मिती मंडळ - नागपूर.
_c1982
300 _a322
600 _aप्रा. केने ज्ञा. रु.
630 _aभौतिक रसायन शास्त्राची मुलतत्वे.
655 _aइतर.
700 _aप्रा. केने ज्ञा. रु.
730 _aभौतिक रसायन शास्त्राची मुलतत्वे.
942 _cBOOK
999 _c266846
_d266846